000 00625nam a2200193Ia 4500
003 GCL
008 140319s9999 xx 000 0 ara d
040 _aGCL /
_cGCL
082 0 4 _a629.8
_bاه
100 1 _aابراهيم العرباوى
245 1 0 _aهندسة التحكم الالى /
_cابراهيم العرباوى
260 _a[S.N] :
_bدار الراتب الجامعية ،
_c1987
300 _a504 ص
490 _aموسوعة سلاح الدفاع الجوى
_v0
650 0 4 _aالهندسة الالكترونية
650 0 4 _aالهندسة
650 0 4 _aالتحكم الالى
942 _2ddc
_cBK
999 _c50369
_d50369